[Event "Titled Tue 10th Jun Early"]
[Site "chess.com INT"]
[Date "2025.06.10"]
[Round "9"]
[White "Horobetz, Graham"]
[Black "Buscar, Michael"]
[Result "0-1"]
[WhiteElo "2250"]
[BlackElo "2016"]
[WhiteFideId "2047322"]
[BlackFideId "2603616"]
[EventDate "2025.06.10"]

1. e4 c5 2. Nf3 Nc6 3. d4 cxd4 4. Nxd4 Nf6 5. Nc3 e5 6. Ndb5 h6 7. Nd5 Nxd5 8.
exd5 a6 9. Nc3 Nd4 10. Bd3 d6 11. O-O Be7 12. Kh1 O-O 13. f4 Bf6 14. f5 Bg5 15.
Bxg5 Qxg5 16. Ne4 Qh4 17. Nxd6 Rd8 18. Nxc8 Raxc8 19. c3 Nb5 20. a4 Nd6 21. f6
gxf6 22. Rf3 Kf8 23. Bf5 Rc4 24. g3 Qg5 25. Bd3 e4 26. Bxc4 exf3 27. Qxf3 Nxc4
28. Rd1 Nxb2 29. Rd4 Qe5 30. Rb4 Qe1+ 31. Kg2 Qd2+ 32. Kh3 Nd3 33. Rd4 Ne5 34.
Qxf6 Qg5 35. Qf2 Ng6 36. Qf3 Kg7 37. Rg4 Qxd5 38. Qe3 Qd7 0-1

[Event "Titled Tue 10th Jun Early"]
[Site "chess.com INT"]
[Date "2025.06.10"]
[Round "9"]
[White "Sihite, Chelsie Monica Ignesias"]
[Black "Recuero Guerra, Javier"]
[Result "1-0"]
[WhiteTitle "WIM"]
[BlackTitle "FM"]
[WhiteElo "2223"]
[BlackElo "2126"]
[WhiteFideId "7101198"]
[BlackFideId "2254085"]
[EventDate "2025.06.10"]

1. Nf3 Nf6 2. d4 d6 3. e3 g6 4. Be2 Bg7 5. O-O O-O 6. c4 Nbd7 7. Nc3 e5 8. dxe5
dxe5 9. e4 Qe7 10. Nd5 Nxd5 11. cxd5 Nf6 12. Qc2 Nh5 13. Bg5 f6 14. Be3 Rf7 15.
Bc5 Qe8 16. Bc4 Kh8 17. d6 Be6 18. Bxe6 Qxe6 19. Rad1 Nf4 20. Qb3 Qg4 21. g3 c6
22. Kh1 Ne6 23. d7 b6 24. Be3 Rd8 25. Nd2 Rfxd7 26. f3 Qh3 27. Nc4 Nd4 28. Bxd4
Rxd4 29. Ne3 Bh6 30. Ng4 Rd2 31. Nf2 Qh5 32. Rxd2 Rxd2 33. Rd1 Qg5 34. f4 Rxd1+
35. Qxd1 exf4 36. Qd8+ Kg7 37. Qe7+ Kg8 38. Qe6+ Kf8 39. Qd6+ Ke8 40. Qxc6+ Kd8
41. Qa8+ Kc7 42. Qxa7+ Kc6 43. Qa4+ b5 44. Qa6+ Kc5 45. Nd3+ Kd4 46. Nxf4 Kxe4
47. Qc6+ Ke3 48. Qc3+ Kf2 49. Qd2+ Kf3 50. Qe2# 1-0

[Event "Titled Tue 10th Jun Early"]
[Site "chess.com INT"]
[Date "2025.06.10"]
[Round "9"]
[White "Gulkov, Igor A."]
[Black "Lopez Del Alamo, Antonio"]
[Result "1-0"]
[WhiteTitle "IM"]
[BlackTitle "FM"]
[WhiteElo "2358"]
[BlackElo "2166"]
[WhiteFideId "4120973"]
[BlackFideId "2227339"]
[EventDate "2025.06.10"]

1. Nf3 g6 2. e4 c5 3. c4 Nc6 4. d4 cxd4 5. Nxd4 Bg7 6. Be3 Nf6 7. Nc3 d6 8. Be2
O-O 9. O-O Bd7 10. Qd2 a5 11. Ndb5 a4 12. f3 Qa5 13. Rac1 Rfc8 14. Rfd1 Be6 15.
Nd5 Qxd2 16. Rxd2 Bxd5 17. cxd5 Nb4 18. Rxc8+ Rxc8 19. a3 Nc2 20. Bb6 Nd7 21.
Bd4 Nxd4 22. Nxd4 Bxd4+ 23. Rxd4 Rc2 24. Bf1 Nc5 25. Rb4 g5 26. Bb5 Kg7 27. Bxa4
Rd2 28. Bb5 h5 29. Bf1 Kf6 30. Rb6 Ke5 31. b4 Nb3 32. Rxb7 e6 33. Rxf7 Rd1 34.
Kf2 Rd2+ 35. Ke1 Kd4 36. dxe6 Ke3 37. Rc7 Rb2 38. Rc3+ Kd4 39. Rxb3 Rxb3 40. e7
Ke3 41. Be2 Rb2 42. Bd1 Rxg2 43. Kf1 Rf2+ 44. Kg1 Rd2 45. e8=Q Rxd1+ 46. Kg2
Rd2+ 47. Kh3 Rf2 48. Qxh5 Rxf3+ 49. Kg2 Rf2+ 50. Kg1 1-0

[Event "Titled Tue 10th Jun Early"]
[Site "chess.com INT"]
[Date "2025.06.10"]
[Round "9"]
[White "Kucza, Karol"]
[Black "Shapiro, Daniel"]
[Result "1-0"]
[WhiteTitle "FM"]
[BlackTitle "FM"]
[WhiteElo "2316"]
[BlackElo "2284"]
[WhiteFideId "1159755"]
[BlackFideId "2001780"]
[EventDate "2025.06.10"]

1. Nf3 e6 2. c4 f5 3. d4 Nf6 4. g3 Be7 5. Bg2 O-O 6. O-O d6 7. Nc3 a5 8. Qd3 Nc6
9. e4 b6 10. exf5 exf5 11. d5 Nb4 12. Qe2 Ne4 13. Nb5 Bf6 14. Nfd4 Re8 15. Qf3
g6 16. a3 Na6 17. b4 Qd7 18. Rb1 Qg7 19. Qd3 Bd7 20. f3 Ng5 21. h4 Nf7 22. f4
Qh6 23. Ne6 Rac8 24. Bb2 Bxb2 25. Rxb2 c6 26. Nbd4 c5 27. bxc5 Nxc5 28. Nxc5
bxc5 29. Ne6 Bxe6 30. dxe6 Rxe6 31. Rb7 Rf8 32. Bd5 Ree8 33. Rfb1 Qg7 34. Ra7
Qf6 35. Rbb7 Kg7 36. Kg2 Re1 37. Rxf7+ Rxf7 38. Rxf7+ Qxf7 39. Bxf7 Kxf7 40.
Qxd6 Re2+ 41. Kf3 Re7 42. Qd5+ Kf6 43. Qxc5 Re4 44. Qd6+ Kf7 45. c5 1-0

[Event "Titled Tue 10th Jun Early"]
[Site "chess.com INT"]
[Date "2025.06.10"]
[Round "9"]
[White "Leinov, Roman"]
[Black "Golsta, Madara"]
[Result "1-0"]
[WhiteTitle "CM"]
[WhiteElo "2120"]
[BlackElo "2008"]
[WhiteFideId "13504649"]
[BlackFideId "11607386"]
[EventDate "2025.06.10"]

1. Nf3 d5 2. g3 g6 3. Bg2 Bg7 4. O-O c5 5. d4 cxd4 6. Nxd4 Nc6 7. Nxc6 bxc6 8.
c4 Nf6 9. Nc3 e6 10. Be3 O-O 11. Bc5 Re8 12. Rc1 Bb7 13. b4 e5 14. cxd5 cxd5 15.
Qb3 Ne4 16. Nxe4 dxe4 17. Rfd1 Qf6 18. Rd7 Bc8 19. Rd6 Be6 20. Qe3 Bf8 21. Rc6
Bxc5 22. R6xc5 Bf5 23. Bxe4 Bxe4 24. Qxe4 Qe6 25. Qc4 Qh3 26. Rc7 Rf8 27. Rd1
Rac8 28. f3 h5 29. Rc5 Rcd8 30. Rdd5 h4 31. Qxh4 Qf5 32. Qe4 1-0

[Event "Titled Tue 10th Jun Early"]
[Site "chess.com INT"]
[Date "2025.06.10"]
[Round "9"]
[White "Goh, Zi Han"]
[Black "Madhesh Kumar S"]
[Result "0-1"]
[WhiteTitle "FM"]
[BlackTitle "CM"]
[WhiteElo "2275"]
[BlackElo "2243"]
[WhiteFideId "5819156"]
[BlackFideId "25168649"]
[EventDate "2025.06.10"]

1. d4 Nf6 2. c4 g6 3. Nc3 d5 4. cxd5 Nxd5 5. e4 Nxc3 6. bxc3 Bg7 7. Bc4 c5 8.
Ne2 O-O 9. O-O Nc6 10. Be3 Bg4 11. f3 Bd7 12. h4 Qc7 13. Rc1 Rad8 14. h5 Bc8 15.
Qd2 a6 16. a4 Na5 17. Ba2 b5 18. Nf4 e6 19. e5 Bxe5 20. Nd3 Bh2+ 21. Kh1 c4 22.
Nf4 Bxf4 23. Bxf4 e5 24. Bg5 f6 25. Bh6 Rfe8 26. Bb1 Nb3 27. Qf2 Nxc1 28. Rxc1
Bf5 29. Bxf5 gxf5 30. axb5 axb5 31. Ra1 Ra8 32. Rxa8 Rxa8 33. d5 Qf7 34. Qh4 Rd8
35. Qh3 Qd7 36. Kh2 f4 37. Qh4 Qf7 38. Qg4+ Kh8 39. Kh3 Qd7 0-1

[Event "Titled Tue 10th Jun Early"]
[Site "chess.com INT"]
[Date "2025.06.10"]
[Round "9"]
[White "Kislinsky, Alexey"]
[Black "Brezis, Ari"]
[Result "1-0"]
[WhiteTitle "GM"]
[BlackTitle "CM"]
[WhiteElo "2341"]
[BlackElo "2179"]
[WhiteFideId "14108801"]
[BlackFideId "2858541"]
[EventDate "2025.06.10"]

1. e4 c6 2. d4 d5 3. e5 Bf5 4. Nf3 c5 5. Be3 e6 6. dxc5 Nd7 7. Bb5 Qc7 8. O-O
Ne7 9. c4 dxc4 10. Qa4 Nc6 11. Qxc4 Ndxe5 12. Nxe5 Qxe5 13. Nc3 Be7 14. Rfe1 O-O
15. b4 Rfd8 16. Rac1 Bd3 17. Qb3 Qh5 18. Bxd3 Rxd3 19. Qc4 Rad8 20. h3 Qf5 21.
Ne2 Ne5 22. Qb5 R3d7 23. Ng3 Qd3 24. Qa4 Nc4 25. Bf4 a6 26. Rb1 Bf6 27. a3 Qd5
28. b5 Qxc5 29. bxa6 bxa6 30. Rec1 Rd4 31. Be3 Nb2 32. Rxc5 Nxa4 33. Bxd4 Bxd4
34. Rc4 Nc3 35. Rc1 Nb5 36. a4 Nd6 37. Rxd4 1-0

[Event "Titled Tue 10th Jun Early"]
[Site "chess.com INT"]
[Date "2025.06.10"]
[Round "9"]
[White "Looi, Xin Hao"]
[Black "Buyankhishig, Batpelden"]
[Result "0-1"]
[WhiteTitle "CM"]
[BlackTitle "WFM"]
[WhiteElo "2009"]
[BlackElo "2015"]
[WhiteFideId "5702828"]
[BlackFideId "4923537"]
[EventDate "2025.06.10"]

1. d4 Nf6 2. Nf3 e6 3. e3 d5 4. Bd3 Bd6 5. O-O O-O 6. b3 Nbd7 7. Bb2 b6 8. Nbd2
Bb7 9. Ne5 c5 10. f4 Qc7 11. Nxd7 Nxd7 12. Rf3 c4 13. Bxh7+ Kxh7 14. Rh3+ Kg8
15. Qh5 f5 16. Qh7+ Kf7 17. Nf3 Be7 18. Qh5+ Kg8 19. Ng5 Bxg5 20. fxg5 Nf6 21.
Qh4 Kf7 22. gxf6 Rh8 23. Qxh8 Rxh8 24. Rxh8 Kxf6 25. c3 cxb3 26. axb3 g5 27. c4
a5 28. Rc1 Qc6 29. Rf8+ Kg7 0-1

[Event "Titled Tue 10th Jun Early"]
[Site "chess.com INT"]
[Date "2025.06.10"]
[Round "9"]
[White "Skiadopoulos, Nikolaos"]
[Black "Bahmani, Koorosh"]
[Result "0-1"]
[WhiteTitle "CM"]
[BlackTitle "CM"]
[WhiteElo "1882"]
[BlackElo "2207"]
[WhiteFideId "4200772"]
[BlackFideId "42576750"]
[EventDate "2025.06.10"]

1. e4 c6 2. d4 d5 3. e5 Bf5 4. Nc3 e6 5. g4 Bg6 6. Nge2 h5 7. Nf4 Bh7 8. Nxh5 c5
9. Bb5+ Nc6 10. dxc5 Bxc5 11. Nxg7+ Kf8 12. Bxc6 bxc6 13. Nh5 Qh4 14. Ng3 Ne7
15. Be3 Bxe3 16. fxe3 Ng6 17. Qd4 Qh3 18. O-O-O Nh4 19. Qc5+ Kg8 20. Qxc6 Rf8
21. Nh5 Qxe3+ 22. Kb1 Nf3 23. Nxd5 exd5 24. Nf6+ Kg7 25. Nh5+ Kg8 26. Nf6+ Kg7
27. Nxd5 Qxe5 28. g5 Rc8 29. Qf6+ Qxf6 30. gxf6+ Kh6 31. Nc3 Rcd8 32. Rxd8 Rxd8
33. a4 Rd2 34. Rc1 Nd4 35. b4 Nxc2 36. b5 Na3+ 37. Ka1 Nc2+ 38. Kb1 Nd4+ 39. Ka1
Nb3# 0-1

[Event "Titled Tue 10th Jun Early"]
[Site "chess.com INT"]
[Date "2025.06.10"]
[Round "9"]
[White "Nguyen, Ngoc Truong Son"]
[Black "Banerjee, Supratit"]
[Result "1-0"]
[WhiteTitle "GM"]
[BlackTitle "FM"]
[WhiteElo "2600"]
[BlackElo "2311"]
[WhiteFideId "12401110"]
[BlackFideId "2410079"]
[EventDate "2025.06.10"]

1. e4 g6 2. d4 Bg7 3. Nc3 d6 4. h4 h5 5. Nf3 Nf6 6. Ng5 O-O 7. Be2 e5 8. dxe5
dxe5 9. Qxd8 Rxd8 10. Be3 Nc6 11. Bc4 Rf8 12. Bc5 Bd7 13. Bxf8 Rxf8 14. O-O-O
Nd4 15. Nd5 Nxd5 16. Bxd5 c6 17. Bb3 Bc8 18. c3 Nxb3+ 19. axb3 f6 20. Nf3 f5 21.
Ng5 fxe4 22. Nxe4 Be6 23. Kc2 Bd5 24. f3 Bh6 25. Rhe1 b5 26. Nd6 Bf4 27. Nxb5
Bxf3 28. gxf3 cxb5 29. Rd5 a6 30. Rd6 Kh7 31. Rxa6 Bg3 32. Re3 Bxh4 33. Rxe5
Rxf3 34. Rxb5 Bf6 35. Rbb6 Kg7 36. b4 h4 37. Rb7+ Kh6 38. Rf7 Kg5 39. b5 h3 40.
b6 h2 41. Rh7 Be5 42. Ra5 Kf6 43. b7 Bg3 44. Ra8 Kg5 45. b8=Q Rf2+ 46. Kb3 Bxb8
47. Rxb8 Kg4 48. Rbh8 g5 49. Rxh2 Rf7 50. c4 Kg3 51. c5 g4 52. Kc4 Rf1 53. b4
Rc1+ 54. Kb5 Kf4 55. Kb6 g3 56. Rg2 Kf3 57. Rb2 g2 58. Rf8+ 1-0

[Event "Titled Tue 10th Jun Early"]
[Site "chess.com INT"]
[Date "2025.06.10"]
[Round "9"]
[White "Martinez Alcantara, Jose Eduardo"]
[Black "Tabatabaei, M. Amin"]
[Result "1-0"]
[WhiteTitle "GM"]
[BlackTitle "GM"]
[WhiteElo "2611"]
[BlackElo "2655"]
[WhiteFideId "3805662"]
[BlackFideId "12521213"]
[EventDate "2025.06.10"]

1. c4 e6 2. Nf3 d5 3. g3 Nf6 4. Bg2 Be7 5. O-O O-O 6. d3 h6 7. Bf4 c5 8. Nc3 d4
9. Na4 Nc6 10. Ne5 Nxe5 11. Bxe5 Nd7 12. Bf4 e5 13. Bd2 Rb8 14. e4 a6 15. b3 b5
16. Nb2 Nf6 17. a4 b4 18. a5 Bd6 19. f4 exf4 20. gxf4 Ng4 21. Qe2 Bc7 22. Nd1
Re8 23. h3 Nf6 24. e5 Bf5 25. Nf2 Bxa5 26. Qf3 Nd7 27. Ne4 Bxe4 28. Qxe4 Qc7 29.
Qf5 Nf8 30. Bd5 Re7 31. Kh1 g6 32. Rg1 Kh7 33. Qg4 Bb6 34. Rxa6 Rbe8 35. Be4 Qd8
36. h4 Kh8 37. h5 g5 38. fxg5 Rxe5 39. gxh6 Ne6 40. Ra8 Qxa8 41. Bxa8 Rxa8 42.
Bf4 Re3 43. Bxe3 dxe3 44. Qf3 1-0

[Event "Titled Tue 10th Jun Early"]
[Site "chess.com INT"]
[Date "2025.06.10"]
[Round "9"]
[White "Negrean, Andrei"]
[Black "Zeliantsova, Kseniya"]
[Result "1-0"]
[WhiteTitle "FM"]
[BlackTitle "WFM"]
[WhiteElo "2352"]
[BlackElo "2062"]
[WhiteFideId "1291513"]
[BlackFideId "13512617"]
[EventDate "2025.06.10"]

1. e4 d6 2. d4 Nf6 3. Nc3 g6 4. Bc4 Bg7 5. Qe2 c6 6. Nf3 O-O 7. e5 dxe5 8. dxe5
Nd5 9. O-O Bg4 10. Rd1 Nxc3 11. bxc3 Qa5 12. e6 f5 13. h3 Bxf3 14. Qxf3 Qxc3 15.
Qxc3 Bxc3 16. Rb1 b5 17. Bf1 a6 18. Ba3 Bf6 19. c4 Ra7 20. Bc5 Rc7 21. g3 Bc3
22. Rdc1 Be5 23. Rd1 a5 24. cxb5 cxb5 25. Rxb5 Nc6 26. Bb6 Rb7 27. Bg2 Rfb8 28.
Rdb1 Nd4 29. Bxb7 Nxb5 30. Rxb5 Rxb7 31. Rxa5 Bxg3 32. fxg3 Rxb6 33. Re5 Rb1+
34. Kf2 Rb2+ 35. Re2 Rxa2 36. Rxa2 1-0

[Event "Titled Tue 10th Jun Early"]
[Site "chess.com INT"]
[Date "2025.06.10"]
[Round "9"]
[White "Niemann, Hans Moke"]
[Black "Carlsen, Magnus"]
[Result "1-0"]
[WhiteTitle "GM"]
[BlackTitle "GM"]
[WhiteElo "2736"]
[BlackElo "2837"]
[WhiteFideId "2093596"]
[BlackFideId "1503014"]
[EventDate "2025.06.10"]

1. e4 e5 2. Nf3 Nc6 3. Bc4 Nf6 4. d3 Be7 5. Nc3 O-O 6. a3 d6 7. Be3 a5 8. Qe2
Be6 9. O-O-O Qd7 10. Rhg1 Ng4 11. h3 Nxe3 12. fxe3 a4 13. Bb5 Qc8 14. d4 Na5 15.
d5 Bd7 16. Bxa4 c6 17. Nd2 Be8 18. Bb3 Nxb3+ 19. cxb3 cxd5 20. exd5 f5 21. Kb1
Bg6 22. Rc1 Qc5 23. Ka2 Bg5 24. Rge1 Bh4 25. Red1 Bg5 26. Nf1 f4 27. Ne4 Qxc1
28. Rxc1 Bxe4 29. exf4 Bxf4 30. Rd1 Bg6 31. Ne3 e4 32. b4 Rae8 33. a4 h5 34. a5
Rc8 35. Kb3 Kh7 36. Rf1 Rce8 37. Rxf4 Rxf4 38. Qd2 Ref8 39. b5 Rf2 40. Qd4 Re2
41. a6 bxa6 42. bxa6 Ra8 43. a7 Re1 44. Ka2 Rc1 45. Qb6 Rcc8 46. Qb7 h4 47. b4
Kh6 48. b5 Kg5 49. b6 Kf4 50. Qxc8 Rxc8 51. b7 1-0

[Event "Titled Tue 10th Jun Early"]
[Site "chess.com INT"]
[Date "2025.06.10"]
[Round "9"]
[White "Salinas Herrera, Pablo"]
[Black "Sarana, Alexey"]
[Result "1-0"]
[WhiteTitle "GM"]
[BlackTitle "GM"]
[WhiteElo "2447"]
[BlackElo "2686"]
[WhiteFideId "3407128"]
[BlackFideId "24133795"]
[EventDate "2025.06.10"]

1. e4 e5 2. Nf3 Nc6 3. Bb5 a6 4. Ba4 Nge7 5. O-O Ng6 6. Nc3 b5 7. Bb3 Na5 8. d4
Nxb3 9. axb3 exd4 10. Qxd4 Bb7 11. Bg5 f6 12. Be3 Bd6 13. Nd5 O-O 14. c4 Re8 15.
Rfe1 Bc6 16. Rad1 Re6 17. c5 Bf8 18. b4 Rc8 19. h4 Qe8 20. Bd2 h5 21. Bc3 Qf7
22. e5 Nxe5 23. Nxe5 fxe5 24. Rxe5 Rxe5 25. Qxe5 Qg6 26. Nf4 Qg4 27. Rd4 d6 28.
Qxh5 Qxh5 29. Nxh5 dxc5 30. bxc5 Be8 31. Nxg7 Bf7 32. Nf5 Bxc5 33. Rg4+ Kf8 34.
Bg7+ Ke8 35. Re4+ Kd7 36. Bd4 Bf8 37. g4 a5 38. h5 c5 39. Bg7 Bxg7 40. Re7+ Kd8
41. Rxf7 Bxb2 42. h6 Ke8 43. Nd6+ Kd8 44. Nxc8 Kxc8 45. g5 a4 46. h7 a3 47. Rf6
a2 48. h8=Q+ Kb7 49. Qg7+ 1-0

[Event "Titled Tue 10th Jun Early"]
[Site "chess.com INT"]
[Date "2025.06.10"]
[Round "9"]
[White "Mizzi, Jack"]
[Black "Neustroev, Victor"]
[Result "1-0"]
[WhiteTitle "CM"]
[BlackTitle "FM"]
[WhiteElo "2107"]
[BlackElo "2283"]
[WhiteFideId "5602521"]
[BlackFideId "4144147"]
[EventDate "2025.06.10"]

1. d4 d5 2. c4 c6 3. Nf3 Nf6 4. Nbd2 Bf5 5. Nh4 Be4 6. e3 e6 7. Qb3 Qb6 8. c5
Qc7 9. Nhf3 Bg6 10. Ne5 Nbd7 11. Nxg6 hxg6 12. Nf3 e5 13. Be2 e4 14. Nd2 Rb8 15.
h3 g5 16. Qc2 g4 17. Nf1 gxh3 18. Rxh3 Rxh3 19. gxh3 b6 20. b4 Be7 21. Ng3 g6
22. Rb1 Nf8 23. b5 bxc5 24. bxc6 c4 25. Rxb8+ Qxb8 26. Bd2 Qb5 27. f3 exf3 28.
Bxf3 Qxc6 29. e4 dxe4 30. Nxe4 Nxe4 31. Bxe4 Qe6 32. d5 Qxh3 33. Qxc4 Nh7 34.
Kd1 Nf6 35. Qe2 Nxe4 36. Qxe4 Qf1+ 37. Kc2 Qb5 38. Bg5 Qc5+ 39. Kd3 Kf8 40. Bh6+
Kg8 41. Qe5 Qa3+ 42. Ke2 Qxa2+ 43. Bd2 Qc4+ 44. Kd1 1-0

[Event "Titled Tue 10th Jun Early"]
[Site "chess.com INT"]
[Date "2025.06.10"]
[Round "9"]
[White "Dragnev, Valentin"]
[Black "Galperin, Platon"]
[Result "1-0"]
[WhiteTitle "GM"]
[BlackTitle "GM"]
[WhiteElo "2547"]
[BlackElo "2500"]
[WhiteFideId "1634852"]
[BlackFideId "14165414"]
[EventDate "2025.06.10"]

1. e4 e5 2. Nf3 Nc6 3. Bc4 Bc5 4. a4 d6 5. a5 a6 6. c3 Qf6 7. d3 Nge7 8. b4 Ba7
9. Be3 h6 10. Nbd2 Ng6 11. g3 Bh3 12. Bxa7 Rxa7 13. b5 axb5 14. Bxb5 O-O 15. a6
Nb8 16. axb7 Rxb7 17. Rb1 c6 18. Bc4 Rxb1 19. Qxb1 Bg2 20. Ke2 d5 21. exd5 e4
22. dxe4 Bxh1 23. Qxh1 Qxc3 24. Qb1 cxd5 25. Bxd5 Nc6 26. Qd3 Qf6 27. Kf1 Nce5
28. Nxe5 Nxe5 29. Qe2 Rc8 30. Nc4 Nxc4 31. Bxc4 g6 32. Kg2 Kg7 33. Bd5 Qd4 34.
Qa2 Rc7 35. Qe2 Re7 36. Qf3 Rd7 37. h4 f5 38. h5 fxe4 39. Bxe4 Rf7 40. Qe2 Re7
41. f3 g5 42. Qa6 Qf6 43. Qc8 Qe6 44. Qc3+ Qe5 45. Qc6 Qe6 46. Qc3+ Qf6 47. Qc8
Qe6 48. Qd8 g4 49. Qd4+ Qe5 50. Qb6 gxf3+ 51. Bxf3 Qg5 52. Qd4+ Kf8 53. Qh8+ Kf7
54. Bd5+ 1-0

[Event "Titled Tue 10th Jun Early"]
[Site "chess.com INT"]
[Date "2025.06.10"]
[Round "9"]
[White "Ahmad, Khagan"]
[Black "Kourkoulos-Arditis, Stamatis"]
[Result "1-0"]
[WhiteTitle "IM"]
[BlackTitle "GM"]
[WhiteElo "2394"]
[BlackElo "2580"]
[WhiteFideId "13431552"]
[BlackFideId "4221990"]
[EventDate "2025.06.10"]

1. d4 c5 2. d5 g6 3. Nf3 Bg7 4. c4 d6 5. Nc3 Nf6 6. e4 O-O 7. h3 e6 8. Bd3 Na6
9. O-O Nc7 10. Bf4 e5 11. Bg5 h6 12. Bd2 Nh5 13. Ne2 f5 14. exf5 gxf5 15. Nh2 e4
16. Bc2 Qh4 17. f4 Ng3 18. Be1 Nxe2+ 19. Qxe2 Qe7 20. Bc3 Bxc3 21. bxc3 Bd7 22.
a4 Kh8 23. Rf2 Rg8 24. Nf1 Rg6 25. Kh2 Rag8 26. Qe3 Qg7 27. g3 h5 28. h4 Ne8 29.
Rb1 Nf6 30. Bd1 Bc8 31. Rg2 Ng4+ 32. Bxg4 Rxg4 33. Rbb2 b6 34. Qe1 Qd7 35. Ne3
R4g7 36. Qa1 Qd8 37. Qe1 Kh7 38. Ra2 Kh6 39. Rg1 Rf8 40. Qa1 Ba6 41. a5 b5 42.
cxb5 Bxb5 43. c4 Ba6 44. Qc3 Rb7 45. Rb2 Rxb2+ 46. Qxb2 Qxa5 47. Ra1 Rb8 48.
Qf6+ Kh7 49. Rxa5 1-0

[Event "Titled Tue 10th Jun Early"]
[Site "chess.com INT"]
[Date "2025.06.10"]
[Round "9"]
[White "Ambartsumova, Karina"]
[Black "Gubatayev, Ahmet"]
[Result "0-1"]
[WhiteTitle "IM"]
[BlackTitle "CM"]
[WhiteElo "2403"]
[BlackElo "2191"]
[WhiteFideId "4166299"]
[BlackFideId "14004526"]
[EventDate "2025.06.10"]

1. Nf3 d5 2. c4 e6 3. e3 Nf6 4. Nc3 Be7 5. b3 O-O 6. Bb2 c5 7. cxd5 exd5 8. d4
Nc6 9. Be2 Be6 10. O-O Qa5 11. dxc5 Bxc5 12. Rc1 Ba3 13. Bxa3 Qxa3 14. Rc2 Rac8
15. Nb5 Qe7 16. Qa1 Nb4 17. Rxc8 Rxc8 18. a3 Nc2 19. Qb2 a6 20. Nbd4 Qxa3 21.
Qb1 Nxd4 22. Nxd4 Bd7 23. Bd3 h6 24. h3 b5 25. Bf5 Bxf5 26. Qxf5 Rc1 27. Rxc1
Qxc1+ 28. Kh2 Qc7+ 29. g3 b4 30. Qf3 a5 31. Qe2 Ne4 32. Kg2 Qc3 33. Qb5 Qc5 34.
Qe8+ Qf8 35. Qb5 Qd8 36. Nc6 Qf6 37. f3 Qb2+ 38. Kh1 Qc1+ 39. Kg2 Qd2+ 40. Kh1
Qe1+ 0-1

[Event "Titled Tue 10th Jun Early"]
[Site "chess.com INT"]
[Date "2025.06.10"]
[Round "9"]
[White "Alothman , Ali Layth Ahmed"]
[Black "Lacasa Diaz, Josep Anton"]
[Result "0-1"]
[WhiteTitle "FM"]
[BlackTitle "IM"]
[WhiteElo "2179"]
[BlackElo "2315"]
[WhiteFideId "4801920"]
[BlackFideId "2203375"]
[EventDate "2025.06.10"]

1. Nf3 d5 2. g3 c5 3. Bg2 Nf6 4. O-O e6 5. c4 Nc6 6. d4 cxd4 7. Nxd4 Bc5 8. Nb3
Bb6 9. cxd5 exd5 10. Bg5 O-O 11. Nc3 d4 12. Nd5 Be6 13. Nxf6+ gxf6 14. Bh6 Re8
15. Rc1 Rc8 16. Nc5 Qe7 17. Nd3 Bf5 18. Nf4 Qe5 19. Qd2 Rcd8 20. Nd3 Qd6 21. a3
Ne5 22. Bf4 Qd7 23. b4 Bg6 24. Nc5 Bxc5 25. bxc5 Nc6 26. Rfd1 Re6 27. Bh3 f5 28.
Bg5 Rde8 29. Bg2 Rxe2 30. Qf4 Ne5 31. Bf6 Ng4 32. Bxd4 Qa4 33. Bf3 R2e4 34. Bxe4
Rxe4 35. Qb8+ Re8 36. Qd6 Re6 0-1

[Event "Titled Tue 10th Jun Early"]
[Site "chess.com INT"]
[Date "2025.06.10"]
[Round "9"]
[White "Begunov, Konstantin"]
[Black "Chen, Yidong"]
[Result "0-1"]
[WhiteTitle "FM"]
[WhiteElo "2325"]
[BlackElo "2074"]
[WhiteFideId "4118510"]
[BlackFideId "8607028"]
[EventDate "2025.06.10"]

1. d4 Nf6 2. c4 g6 3. f3 c5 4. d5 e6 5. e4 d6 6. dxe6 fxe6 7. Nc3 Bg7 8. Bf4 e5
9. Bg5 Be6 10. Qd2 Nc6 11. Nd5 Nd4 12. Bd3 O-O 13. Ne2 Qd7 14. Nec3 Rab8 15. O-O
Qf7 16. Rab1 Bxd5 17. exd5 Nh5 18. Ne4 Qd7 19. a3 Nf4 20. b4 b6 21. b5 h6 22.
Bh4 g5 23. Bf2 Nh3+ 24. Kh1 Nxf2+ 25. Nxf2 Rf4 26. Nh3 Rf6 27. Qe3 Rbf8 28. Qe4
Kf7 29. a4 Ke8 30. a5 g4 31. fxg4 Rxf1+ 32. Rxf1 Rxf1+ 33. Bxf1 bxa5 34. Qh7 Qf7
35. Kg1 a4 36. Bd3 Ke7 37. Bg6 Qf8 38. g5 Ne2+ 39. Kh1 Qf1+ 40. Ng1 Qxg1# 0-1

[Event "Titled Tue 10th Jun Early"]
[Site "chess.com INT"]
[Date "2025.06.10"]
[Round "9"]
[White "Goncharov, Vladimir"]
[Black "Zaksaite, Salomeja"]
[Result "1-0"]
[BlackTitle "WGM"]
[WhiteElo "2077"]
[BlackElo "2133"]
[WhiteFideId "34162256"]
[BlackFideId "12801496"]
[EventDate "2025.06.10"]

1. d4 Nf6 2. c4 g6 3. Nc3 d5 4. cxd5 Nxd5 5. e4 Nxc3 6. bxc3 Bg7 7. Bc4 O-O 8.
Ne2 c5 9. h4 h5 10. Be3 Nc6 11. Qd2 cxd4 12. cxd4 Qa5 13. Rd1 Qxd2+ 14. Rxd2 Na5
15. Bd3 Bd7 16. f3 Rac8 17. Bg5 Rfe8 18. Kf2 b5 19. Rc2 Rxc2 20. Bxc2 Rc8 21.
Bd3 e6 22. Rb1 a6 23. Rc1 Rxc1 24. Bxc1 Kf8 25. Bd2 Nc6 26. Ke3 Ke7 27. g4 Kd8
28. Be1 hxg4 29. fxg4 Bh6+ 30. g5 Bg7 31. Bg3 Nb4 32. Bb1 Kc8 33. Bd6 Nc6 34. e5
Na5 35. Kf4 Nc4 36. Bc5 Bc6 37. Ng3 Bd5 38. h5 Nd2 39. h6 Bh8 40. Be4 Bxa2 41.
Bc6 Kc7 42. Be8 a5 43. Bxb5 Bc4 44. Be8 Nb3 45. Ne4 1-0

[Event "Titled Tue 10th Jun Early"]
[Site "chess.com INT"]
[Date "2025.06.10"]
[Round "9"]
[White "Winkels, Marcel"]
[Black "Van Baar, Esper"]
[Result "0-1"]
[WhiteTitle "CM"]
[BlackTitle "FM"]
[WhiteElo "1905"]
[BlackElo "2232"]
[WhiteFideId "1003887"]
[BlackFideId "1049321"]
[EventDate "2025.06.10"]

1. e4 c5 2. Nf3 d6 3. d4 cxd4 4. Nxd4 Nf6 5. Bb5+ Bd7 6. Bxd7+ Nbxd7 7. Nc3 e6
8. O-O a6 9. f4 Be7 10. Qe1 O-O 11. Kh1 Qc7 12. f5 e5 13. Nf3 b5 14. a3 Nb6 15.
Bg5 h6 16. Bxf6 Bxf6 17. Rd1 Rfd8 18. Rf2 Qc6 19. Rfd2 a5 20. Nd5 Nxd5 21. Rxd5
Qxc2 22. Rxb5 Rab8 23. Rc1 Qxc1 24. Qxc1 Rxb5 25. h3 Rc5 26. Qd2 d5 27. exd5
Rcxd5 28. Qe2 e4 29. Ng1 Rd2 30. Qxe4 Rxb2 31. Nf3 Rb3 32. Qa4 Rb1+ 33. Kh2 Ra8
34. Qc6 Rab8 35. Qc5 R8b5 36. Qc8+ Kh7 0-1